01026 a2200169 4500003000500000005001700005040000900022082001400031100002500045245012200070260003000192505044600222650003400668942001200702999001900714952012300733Nust20221027105049.0 cNust a621.3,THE aB.L., Theraja913416 aA Textbook of Electrical Technology Vol.3 :bTransmission, distribution and utilization /cB.L. Theraja & A.K Theraja aNew DelhibS. Chandc2000 aD.C. Transmission and Distribution (Page-1569), A.C. Transmission and Distribution (Page-1603), Distribution Automation (Page-1683), Electric Traction (Page-1699), Industrial Applications of Electric Motors (Page-1767), Rating and Service Capacity (Page-1795), Electronic Control of AC Motors (Page-1823), Electric Heating (Page-1833), Electric Welding (Page-1861), Illumination (Page-1893), Tariffs and Economic Considerations (Page-1943),  aTelecommunication Engineering 2ddccBK c189463d189463 00102ddc4070aMCSbMCScGENd2016-12-12o621.3,THEpMCS35103r2016-12-08w2016-12-12yBKzAlmirah No.28, Shelf No.4